000 00544cam a22001694a 4500
005 20250826112043.0
008 250528s ||||||||||||||||||||||||d
035 _a23538
040 _aGR-AtMCL
_bgre
_dGR-AtMCL
_eAACR2
245 1 _aAlienating Complexes within the Family/Parental and the Negative Impact on Adults that Endured it During their Childhood
260 _c2013
700 1 _aKatsoulakis Emmanouil
_99113
700 1 _aThomas, George B.
_d1914-2006
_q(George Brinton),
_94575
942 _cDS
999 _c8539
_d8539